Pasta and other special salads (Record no. 2404)

MARC details
000 -LEADER
fixed length control field 00464nam a2200169Ia 4500
008 - FIXED-LENGTH DATA ELEMENTS--GENERAL INFORMATION
fixed length control field 230917s9999||||xx |||||||||||||| ||und||
020 ## - ISBN
Price USD 8.95 (RS 672.32)
040 ## - CATALOGING SOURCE
-- 5010792
Original cataloging agency VIVEKANANDA LIBRARY
041 ## - Language
-- English
082 ## - DDC NUMBER
Classification number 641.83 D988P
100 ## - MAIN ENTRY--PERSONAL NAME
Personal name Dyer, Ceil
245 #0 - TITLE STATEMENT
Title Pasta and other special salads
260 ## - PUBLICATION, DISTRIBUTION, ETC. (IMPRINT)
Place of publication, distribution, etc New York
Name of publisher, distributor, etc Simon and Schuster, Inc.
Date of publication, distribution, etc 1987
300 ## - PHYSICAL DESCRIPTION
Pages 194 p.
500 ## - GENERAL NOTE
General note 4084 29/09/2021 HBD21/8863 11/10/2021 IHTM (SFS)
942 ## - ADDED ENTRY ELEMENTS (KOHA)
Koha item type Books
Holdings
Withdrawn status Lost status Damaged status Not for loan Location (home branch) Sublocation or collection (holding branch) Shelving location Date acquired Koha issues (times borrowed) Koha full call number Accession No. Koha date last seen Koha item type
        VIVEKANANDA LIBRARY VIVEKANANDA LIBRARY IHTM Library 15/12/2021   641.83 D988P 397709 17/09/2023 Books
© Designed and Maintained by Vivekananda Library, MDU Rohtak